000 00855cam a2200289 a 4500
001
003 DO-SdBNP
005 20210902075046.0
008 940215s1991 sp 000 f spa d
020 _a843207036X
040 _aDO-SdBNP
_bspa
_dBPMSU
_c
082 _a863.6
_bM971j
_222
100 1 _aMuñoz Molina, Antonio,
_d1956-
245 1 3 _aEl jinete polaco /
_cAntonio Muñoz Molina.
250 _a6a. ed.
260 _aBarcelona :
_bPlaneta,
_c1991.
300 _a577 p. ;
_c21 cm.
490 0 _aAutores españoles e hispanoamericanos
500 _aincluye datos biográficos del autor en la solapa de la cubierta
586 _aPremio Planeta, 1991.
590 _6Inventariado, 2021/VM
650 4 _aNovela española
650 4 _aLiteratura española
650 4 _aVida cotidiana
_vNovela.
910 _aVMateo V.
942 _2ddc
_cBK
999 _c13701
_d13701